00505nam a2200205Ia 450000500170000000800410001702000180005804100080007604300080008408200100009210000180010224500470012025000120016726000310017926000170021030000080022765000280023565000260026301000100028920250425162511.0250425s9999 xx 000 0 und d a9780768685763 aeng axxu a004.6 aBLACK, UYLESS 0aSAMS TEACH YOURSELF NETWORKING IN 24 HOURS a4TH ED. aEstados UnidosbSAMSc2009 aINDIANAPOLIS a416 aBANDA ANCHA INALAMBRICA aREDES DE COMPUTADORAS a78606